| 000 | 00365nam a2200145Ia 4500 | ||
|---|---|---|---|
| 008 | 150301s2015 xx 000 0 und d | ||
| 082 |
_a615.19 _bC14P |
||
| 100 | _aPOTDAR, MANHAR A. | ||
| 245 | _aCURRENT GOOD MANUFACTURING PRACTICAL PHARMACEUTICALS | ||
| 250 | _a1ST | ||
| 260 | _bPHARMA MED PRESS | ||
| 300 | _a798 | ||
| 650 | _aPHARMACEUTICS | ||
| 942 |
_2ddc _cBK |
||
| 999 |
_c7379 _d7379 |
||